[Event "FRA-chT2 0910"]
[Site "France"]
[Date "2009.10.18"]
[Round "3.5"]
[White "Valette, Christian"]
[Black "Bodenez, Claire"]
[Result "1/2-1/2"]
[WhiteElo "2087"]
[BlackElo "2034"]
[PlyCount "74"]
[EventDate "2009.09.27"]
[EventType "team-tourn"]
[EventRounds "11"]
[EventCountry "FRA"]
[SourceTitle "EXT 2011"]
[Source "ChessBase"]
[SourceDate "2010.11.26"]
[SourceVersion "1"]
[SourceVersionDate "2010.11.26"]
[SourceQuality "1"]

1. Nf3 d5 2. c4 c6 3. e3 e6 4. b3 Nf6 5. Bb2 Bd6 6. Be2 Nbd7 7. d4 0-0 8. Nbd2 Qe7 9. Ne5 Bc7 10. 0-0 Nxe5 11. dxe5 Nd7 12. Nf3 b6 13. Rc1 Bb7 14. Bd3 Rfd8 15. Qc2 h6 16. Qe2 c5 17. Rfd1 Rac8 18. cxd5 exd5 19. Ba6 Bxa6 20. Qxa6 Nxe5 21. Nxe5 Bxe5 22. Bxe5 Qxe5 23. Qxa7 Qe6 24. Qb7 Rb8 25. Qc7 Ra8 26. Rd2 Rd7 27. Qf4 Rda7 28. a4 d4 29. Rd3 Re8 30. h3 dxe3 31. Rxe3 Qd7 32. Rce1 Raa8 33. Kh2 Rxe3 34. Rxe3 Rd8 35. Qe4 Qd6+ 36. g3 Qd7 37. Rf3 Re8 1/2-1/2

[Event "FRA-chT2 West 0809"]
[Site "France"]
[Date "2008.11.22"]
[Round "2.4"]
[White "Moingt, Jean Claude"]
[Black "Bodenez, Claire"]
[Result "1-0"]
[WhiteElo "2285"]
[BlackElo "2032"]
[PlyCount "67"]
[EventDate "2008.10.19"]
[EventType "team-tourn"]
[EventRounds "11"]
[EventCountry "FRA"]
[SourceTitle "EXT 2010"]
[Source "ChessBase"]
[SourceDate "2010.11.25"]
[SourceVersion "1"]
[SourceVersionDate "2010.11.25"]
[SourceQuality "1"]
[WhiteTeam "Echiquier Bordelais"]
[BlackTeam "Quimper"]
[WhiteTeamCountry "FRA"]
[BlackTeamCountry "FRA"]

1. e4 d5 2. exd5 Qxd5 3. Nc3 Qa5 4. Nf3 Nf6 5. d4 Bf5 6. Bd2 c6 7. Ne4 Qb6 8. Nxf6+ gxf6 9. b4 Nd7 10. c4 e5 11. c5 Qc7 12. Bc4 Bg4 13. Qb3 0-0-0 14. 0-0 exd4 15. Bxf7 Bg7 16. Nxd4 Ne5 17. Be6+ Kb8 18. Be3 Rhe8 19. Bc4 Nxc4 20. Qxc4 Qd7 21. b5 Be6 22. Nxe6 Rxe6 23. bxc6 Rxc6 24. Rab1 Bf8 25. h3 Ka8 26. Rbc1 f5 27. Rc2 Qc8 28. Rfc1 Re8 29. Qd5 a6 30. Rc4 Qe6 31. Rd1 Qg6 32. Rb4 Rec8 33. Rdb1 Bxc5 34. Bxc5 1-0

[Event "FRA-chT2 West 0809"]
[Site "France"]
[Date "2008.10.19"]
[Round "1.4"]
[White "Bodenez, Claire"]
[Black "Marie, Maxime"]
[Result "0-1"]
[WhiteElo "2032"]
[BlackElo "2255"]
[PlyCount "76"]
[EventDate "2008.10.19"]
[EventType "team-tourn"]
[EventRounds "11"]
[EventCountry "FRA"]
[SourceTitle "EXT 2010"]
[Source "ChessBase"]
[SourceDate "2010.11.25"]
[SourceVersion "1"]
[SourceVersionDate "2010.11.25"]
[SourceQuality "1"]
[WhiteTeam "Quimper"]
[BlackTeam "Lisieux"]
[WhiteTeamCountry "FRA"]
[BlackTeamCountry "FRA"]

1. e4 g6 2. d4 c6 3. Nc3 d5 4. h3 Bg7 5. Nf3 Nh6 6. exd5 cxd5 7. Bf4 Nc6 8. g4 f6 9. Bg2 Nf7 10. Bg3 0-0 11. 0-0 a5 12. Re1 a4 13. Nb5 e5 14. dxe5 fxe5 15. c3 Ra5 16. Bf1 Be6 17. Qe2 Qd7 18. Rad1 Rxb5 19. Qxb5 e4 20. Nh2 Nfe5 21. Bg2 Qf7 22. Qe2 Bc8 23. Nf1 h5 24. gxh5 gxh5 25. Nh2 Bh6 26. Kh1 Be6 27. Rg1 Kh8 28. Rdf1 Nf3 29. Bxf3 exf3 30. Qc2 Bxh3 31. Rd1 Rg8 32. Rge1 Bg2+ 33. Kg1 Bf4 34. Bxf4 Qxf4 35. Rxd5 Bh3+ 36. Kh1 Rg5 37. Rd8+ Kg7 38. Rd7+ Bxd7 0-1

[Event "FRA-chT2 West 0708"]
[Site "France"]
[Date "2008.03.16"]
[Round "9.5"]
[White "Leitner, Walter"]
[Black "Bodenez, Claire"]
[Result "1-0"]
[WhiteElo "2115"]
[BlackElo "2042"]
[PlyCount "117"]
[EventDate "2007.10.21"]
[EventType "team"]
[EventRounds "11"]
[EventCountry "FRA"]
[SourceTitle "EXT 2009"]
[Source "ChessBase"]
[SourceDate "2008.11.26"]
[SourceVersion "1"]
[SourceVersionDate "2008.11.26"]
[SourceQuality "1"]
[WhiteTeam "Gif sur Yvette"]
[BlackTeam "Quimper"]
[WhiteTeamCountry "FRA"]
[BlackTeamCountry "FRA"]

1. e4 d5 2. exd5 Qxd5 3. Nc3 Qa5 4. Bc4 Nf6 5. h3 c6 6. Nf3 Bf5 7. 0-0 e6 8. d3 Bd6 9. Re1 Qc7 10. Nh4 Bg6 11. Nxg6 hxg6 12. Ne4 Nxe4 13. Rxe4 Nd7 14. d4 0-0-0 15. c3 Nf6 16. Re1 Nd5 17. Qf3 Rh5 18. Bf1 Rf5 19. Qe2 Rh5 20. Qf3 Rf5 21. Qe2 Rh5 22. c4 Nf6 23. Be3 Rdh8 24. Rab1 g5 25. f3 R5h7 26. Bxg5 Nh5 27. Qe4 Bh2+ 28. Kf2 Bg3+ 29. Kg1 Bh2+ 30. Kf2 Bg3+ 31. Kg1 Bxe1 32. Qxe1 Qd6 33. Be3 Ng3 34. c5 Qc7 35. Bd3 Nf5 36. Bf2 Rxh3 37. gxh3 Rxh3 38. Qe5 Qxe5 39. dxe5 Rxf3 40. Bxf5 Rxf5 41. Bg3 b6 42. Kg2 f6 43. Rd1 fxe5 44. cxb6 axb6 45. Rd6 Kc7 46. Rxe6 Kd7 47. Rg6 Rf6 48. Rxg7+ Ke6 49. Rg5 b5 50. Rxe5+ Kd7 51. Re2 c5 52. Re5 Rd6 53. Bf4 Rc6 54. Rd5+ Kc8 55. Be3 c4 56. Rc5 Kb7 57. Rxc6 Kxc6 58. Bd2 Kc5 59. a3 1-0

[Event "FRA-chT2 West 0708"]
[Site "France"]
[Date "2008.03.15"]
[Round "8.5"]
[White "Guyard, Rodolphe"]
[Black "Bodenez, Claire"]
[Result "1/2-1/2"]
[WhiteElo "2115"]
[BlackElo "2042"]
[PlyCount "48"]
[EventDate "2007.10.21"]
[EventType "team"]
[EventRounds "11"]
[EventCountry "FRA"]
[SourceTitle "EXT 2009"]
[Source "ChessBase"]
[SourceDate "2008.11.26"]
[SourceVersion "1"]
[SourceVersionDate "2008.11.26"]
[SourceQuality "1"]
[WhiteTeam "Evry Grand Roque II"]
[BlackTeam "Quimper"]
[WhiteTeamCountry "FRA"]
[BlackTeamCountry "FRA"]

1. f4 d5 2. b3 Nf6 3. Bb2 Bf5 4. Nf3 h6 5. e3 Nbd7 6. Be2 e6 7. 0-0 Bc5 8. Kh1 c6 9. Nc3 Qc7 10. Rc1 g5 11. Ne5 Rg8 12. d4 Bb4 13. Nb1 g4 14. c4 Qd8 15. Bc3 Bf8 16. Be1 h5 17. Bd3 Bxd3 18. Qxd3 Ne4 19. Nxd7 Qxd7 20. Nc3 Nxc3 21. Qxc3 f5 22. Bh4 Kf7 23. Rc2 Bd6 24. Qe1 Bc7 1/2-1/2

[Event "FRA-chT2 West 0708"]
[Site "France"]
[Date "2008.01.20"]
[Round "6.5"]
[White "Marie, Maxime"]
[Black "Bodenez, Claire"]
[Result "1/2-1/2"]
[WhiteElo "2238"]
[BlackElo "2042"]
[PlyCount "53"]
[EventDate "2007.10.21"]
[EventType "team"]
[EventRounds "11"]
[EventCountry "FRA"]
[SourceTitle "EXT 2009"]
[Source "ChessBase"]
[SourceDate "2008.11.26"]
[SourceVersion "1"]
[SourceVersionDate "2008.11.26"]
[SourceQuality "1"]
[WhiteTeam "Lisieux"]
[BlackTeam "Quimper"]
[WhiteTeamCountry "FRA"]
[BlackTeamCountry "FRA"]

1. c4 e6 2. g3 d5 3. b3 Nf6 4. Bg2 c6 5. Nf3 Bd6 6. Bb2 0-0 7. 0-0 Re8 8. Nc3 a5 9. Rc1 Na6 10. d4 dxc4 11. bxc4 c5 12. Nb5 Be7 13. e3 Rb8 14. Ne5 Bd7 15. Qa4 Nc7 16. Nxd7 Nxd7 17. Qxa5 b6 18. Qd2 Nxb5 19. cxb5 Qc7 20. Rfd1 Red8 21. Qe2 Qa7 22. Rc2 cxd4 23. Bxd4 Nc5 24. Rcd2 Qc7 25. Qh5 Bd6 26. Qg5 f5 27. Bxg7 1/2-1/2

[Event "FRA-chT2 West 0708"]
[Site "France"]
[Date "2007.12.16"]
[Round "4.5"]
[White "Primel, Dominique"]
[Black "Bodenez, Claire"]
[Result "0-1"]
[WhiteElo "2007"]
[BlackElo "2034"]
[PlyCount "62"]
[EventDate "2007.10.21"]
[EventType "team"]
[EventRounds "11"]
[EventCountry "FRA"]
[SourceTitle "EXT 2009"]
[Source "ChessBase"]
[SourceDate "2008.11.26"]
[SourceVersion "1"]
[SourceVersionDate "2008.11.26"]
[SourceQuality "1"]
[WhiteTeam "Sautron"]
[BlackTeam "Quimper"]
[WhiteTeamCountry "FRA"]
[BlackTeamCountry "FRA"]

1. Nf3 d5 2. d4 Nf6 3. c4 c6 4. Qc2 Bg4 5. Ne5 Bh5 6. cxd5 Qxd5 7. e3 e6 8. a3 Nbd7 9. Nc3 Qa5 10. Nc4 Qc7 11. Bd3 e5 12. dxe5 Nxe5 13. Nxe5 Qxe5 14. f4 Qc5 15. b4 Qd6 16. 0-0 Rd8 17. Bf5 Be7 18. Re1 Bg6 19. Bxg6 hxg6 20. Rd1 Qe6 21. Rxd8+ Bxd8 22. h3 Bb6 23. Qe2 Nh5 24. Kh2 g5 25. g4 Nf6 26. Kg2 Ne4 27. Na4 gxf4 28. Nxb6 axb6 29. exf4 Rxh3 30. Bb2 Rg3+ 31. Kf1 Rxg4 0-1

[Event "FRA-chT2 West 0708"]
[Site "France"]
[Date "2007.11.24"]
[Round "2.5"]
[White "Stenel, Vincent"]
[Black "Bodenez, Claire"]
[Result "1/2-1/2"]
[WhiteElo "2133"]
[BlackElo "2034"]
[PlyCount "50"]
[EventDate "2007.10.21"]
[EventType "team"]
[EventRounds "11"]
[EventCountry "FRA"]
[SourceTitle "EXT 2009"]
[Source "ChessBase"]
[SourceDate "2008.11.26"]
[SourceVersion "1"]
[SourceVersionDate "2008.11.26"]
[SourceQuality "1"]
[WhiteTeam "Bois Colombes II"]
[BlackTeam "Quimper"]
[WhiteTeamCountry "FRA"]
[BlackTeamCountry "FRA"]

1. e4 d5 2. exd5 Qxd5 3. Nc3 Qa5 4. d4 c6 5. Nf3 Bf5 6. Bc4 Nd7 7. Bd2 e6 8. Qe2 Bb4 9. Nh4 Ngf6 10. Nxf5 Qxf5 11. 0-0-0 0-0-0 12. Kb1 Nb6 13. Bd3 Qg4 14. a3 Qxe2 15. Nxe2 Bxd2 16. Rxd2 Ng4 17. f3 Nf2 18. Re1 Nxd3 19. Rxd3 Rd7 20. Re3 Nc4 21. Rd3 Rhd8 22. Red1 e5 23. c3 exd4 24. Rxd4 Rxd4 25. Rxd4 Rxd4 1/2-1/2

[Event "FRA-chT3 Gr06 0607"]
[Site "France"]
[Date "2007.02.11"]
[Round "6.6"]
[White "Bodenez, Claire"]
[Black "Touze, Cedric"]
[Result "1-0"]
[WhiteElo "2016"]
[BlackElo "1800"]
[PlyCount "71"]
[EventDate "2006.10.15"]
[EventType "team"]
[EventRounds "9"]
[EventCountry "FRA"]
[SourceTitle "EXT 2008"]
[Source "ChessBase"]
[SourceDate "2007.11.25"]
[SourceVersion "1"]
[SourceVersionDate "2007.11.25"]
[SourceQuality "1"]
[WhiteTeam "Quimper"]
[BlackTeam "Rennes Paul Bert II"]
[WhiteTeamCountry "FRA"]
[BlackTeamCountry "FRA"]

1. e4 d6 2. d3 g6 3. g3 Bg7 4. Bg2 Nf6 5. Ne2 0-0 6. 0-0 c6 7. h3 d5 8. e5 Nfd7 9. d4 f6 10. f4 Nb6 11. b3 Qc7 12. Ba3 Re8 13. Nd2 N6d7 14. c4 Nf8 15. Rc1 Be6 16. c5 Nbd7 17. g4 f5 18. Ng3 b5 19. Bf3 Qa5 20. Bb2 Qxa2 21. Qc2 Qa5 22. Ra1 Qc7 23. gxf5 gxf5 24. Nxf5 Bf7 25. Nxg7 Kxg7 26. f5 Kh8 27. Bg4 e6 28. f6 Ng6 29. Nf3 Rg8 30. Kh1 h6 31. Bc1 h5 32. Ng5 Ndxe5 33. dxe5 hxg4 34. hxg4 Rg7 35. fxg7+ Kxg7 36. Rxf7+ 1-0

[Event "FRA-chT3 Gr5 "]
[Site "Bretagne"]
[Date "2006.??.??"]
[Round "5.6"]
[White "Bodenez, Claire"]
[Black "Meysson, Jean Marc"]
[Result "1/2-1/2"]
[WhiteElo "2007"]
[BlackElo "2000"]
[PlyCount "84"]
[EventDate "2006.??.??"]
[EventType "team"]
[EventRounds "9"]
[EventCountry "FRA"]
[SourceTitle "EXT 2007"]
[Source "ChessBase"]
[SourceDate "2006.11.23"]
[SourceVersion "1"]
[SourceVersionDate "2006.11.23"]
[SourceQuality "1"]

1. e4 c5 2. d3 Nc6 3. g3 d5 4. exd5 Qxd5 5. Nf3 Bg4 6. Bg2 Nf6 7. 0-0 Qd7 8. Be3 e6 9. h3 Bh5 10. Nbd2 Be7 11. Nc4 0-0 12. g4 Bg6 13. Nfe5 Nxe5 14. Nxe5 Qc7 15. f4 Bd6 16. Nc4 h6 17. Nxd6 Qxd6 18. Qe1 Nd5 19. Bd2 Rfd8 20. a3 Rac8 21. f5 exf5 22. gxf5 Re8 23. Qh4 Bh7 24. Be4 Nf6 25. Bc3 Nxe4 26. dxe4 Qe7 27. Qxe7 Rxe7 28. Bxg7 Rxe4 29. Bxh6 Rh4 30. Bd2 Rxh3 31. Rf2 Rh5 32. Raf1 f6 33. Bc3 Kf7 34. Rd1 Rg8+ 35. Rg2 Rxg2+ 36. Kxg2 Bxf5 37. Kg3 Be6 38. Rd2 Rd5 39. Rf2 Rf5 40. Rh2 Rg5+ 41. Kf4 Rg4+ 42. Kf3 Rg8 1/2-1/2

[Event "FRA-ch (Women)"]
[Site "Val d'Isere"]
[Date "2004.08.25"]
[Round "10"]
[White "Congiu, Mathilde"]
[Black "Bodenez, Claire"]
[Result "1/2-1/2"]
[WhiteElo "2105"]
[BlackElo "2031"]
[PlyCount "24"]
[EventDate "2004.08.16"]
[EventType "tourn"]
[EventRounds "11"]
[EventCountry "FRA"]
[SourceTitle "CBM 101 Extra"]
[Source "ChessBase"]
[SourceDate "2004.09.01"]
[SourceVersion "2"]
[SourceVersionDate "2004.09.01"]
[SourceQuality "1"]

1. e4 d6 2. d4 Nf6 3. Nc3 Nbd7 4. Nf3 e5 5. h3 Be7 6. Be3 c6 7. Bd3 0-0 8. 0-0 Qc7 9. Ne2 exd4 10. Nexd4 Ne5 11. Nxe5 dxe5 12. Nf3 Re8 1/2-1/2

[Event "FRA-ch (Women)"]
[Site "Val d'Isere"]
[Date "2004.08.23"]
[Round "8"]
[White "Moingt, Anne"]
[Black "Bodenez, Claire"]
[Result "1-0"]
[WhiteElo "2175"]
[BlackElo "2031"]
[PlyCount "89"]
[EventDate "2004.08.16"]
[EventType "tourn"]
[EventRounds "11"]
[EventCountry "FRA"]
[SourceTitle "CBM 101 Extra"]
[Source "ChessBase"]
[SourceDate "2004.09.01"]
[SourceVersion "2"]
[SourceVersionDate "2004.09.01"]
[SourceQuality "1"]

1. e4 e6 2. d4 d5 3. Nd2 c5 4. exd5 Qxd5 5. Ngf3 cxd4 6. Bc4 Qd6 7. Qe2 Nf6 8. Nb3 Nc6 9. Bg5 a6 10. 0-0-0 b5 11. Bd3 Bb7 12. Nbxd4 Nxd4 13. Nxd4 Qd5 14. Bxf6 gxf6 15. Kb1 Qe5 16. Qd2 0-0-0 17. Nf3 Qc7 18. Qe2 f5 19. Rhg1 h5 20. Ne5 Bd6 21. f4 Kb8 22. g3 Qe7 23. a4 bxa4 24. Bxa6 Bxe5 25. Qxe5+ Qc7 26. Qxc7+ Kxc7 27. Bxb7 Kxb7 28. c3 Kc6 29. Kc2 Rhe8 30. Rxd8 Rxd8 31. Ra1 Kb5 32. Re1 Rd6 33. Re5+ Kb6 34. c4 Rd7 35. Kc3 Rd1 36. Re2 Kc5 37. Re5+ Kb6 38. Rb5+ Ka6 39. Rb4 Ka5 40. Rb5+ Ka6 41. Rb8 Rh1 42. c5 Rxh2 43. c6 Rh1 44. Kd2 Rh2+ 45. Kd3 1-0

[Event "FRA-ch (Women)"]
[Site "Val d'Isere"]
[Date "2004.08.22"]
[Round "7"]
[White "Bodenez, Claire"]
[Black "Milliet, Sophie"]
[Result "0-1"]
[WhiteElo "2031"]
[BlackElo "2280"]
[PlyCount "126"]
[EventDate "2004.08.16"]
[EventType "tourn"]
[EventRounds "11"]
[EventCountry "FRA"]
[SourceTitle "CBM 101 Extra"]
[Source "ChessBase"]
[SourceDate "2004.09.01"]
[SourceVersion "2"]
[SourceVersionDate "2004.09.01"]
[SourceQuality "1"]

1. e4 e5 2. Nf3 Nc6 3. Bb5 Nf6 4. Nc3 Bd6 5. Bxc6 dxc6 6. d4 exd4 7. Qxd4 Qe7 8. Bg5 Bc5 9. Qe5 Qxe5 10. Nxe5 Be7 11. 0-0-0 0-0 12. f3 Re8 13. Nd3 Be6 14. Nf4 Bc4 15. Nd3 a5 16. Bf4 Rac8 17. g4 c5 18. h4 Ba6 19. Nf2 Red8 20. Rxd8+ Bxd8 21. Rd1 Kf8 22. e5 Ng8 23. Nfe4 b6 24. Bg3 Ne7 25. f4 h5 26. gxh5 Nf5 27. Bf2 Bxh4 28. Bxh4 Nxh4 29. Ng3 Ng2 30. f5 Re8 31. f6 Ne3 32. Re1 Nc4 33. Nf5 gxf6 34. h6 Rxe5 35. Rh1 Kg8 36. h7+ Kh8 37. Nh6 Nd6 38. Ng4 Bb7 39. Rh6 Rg5 40. Nxf6 Rg6 41. Rxg6 fxg6 42. Kd2 Kg7 43. Ke3 g5 44. Kf2 Nf7 45. Ne8+ Kxh7 46. Nxc7 Ne5 47. Ne8 Kh6 48. Kg3 Bc6 49. Nd6 Kg7 50. Nf5+ Kf6 51. Ne3 Ke6 52. Ng4 Nc4 53. Nd1 b5 54. Nh6 Ne5 55. Ng4 Bf3 56. Nxe5 Bxd1 57. Nd3 Bxc2 58. Nxc5+ Kd5 59. Nb7 a4 60. Kg4 Bb1 61. a3 Ba2 62. Kxg5 Kc6 63. Nd8+ Kc7 0-1

[Event "FRA-ch (Women)"]
[Site "Val d'Isere"]
[Date "2004.08.16"]
[Round "1"]
[White "Cochet, Caroline"]
[Black "Bodenez, Claire"]
[Result "1/2-1/2"]
[WhiteElo "2071"]
[BlackElo "2031"]
[PlyCount "76"]
[EventDate "2004.08.16"]
[EventType "tourn"]
[EventRounds "11"]
[EventCountry "FRA"]
[SourceTitle "CBM 101 Extra"]
[Source "ChessBase"]
[SourceDate "2004.09.01"]
[SourceVersion "2"]
[SourceVersionDate "2004.09.01"]
[SourceQuality "1"]

1. e4 e6 2. d3 d5 3. Nd2 c5 4. g3 Bd6 5. Bg2 Ne7 6. Ngf3 Nbc6 7. 0-0 0-0 8. Re1 Qc7 9. Qe2 f6 10. c3 d4 11. Nc4 e5 12. Nh4 b5 13. Na3 Rb8 14. c4 a6 15. Rf1 b4 16. Nb1 b3 17. a3 g5 18. Nf3 h6 19. Kh1 f5 20. h3 f4 21. g4 Ng6 22. Nbd2 Qh7 23. Kg1 Bc7 24. Qd1 Na5 25. Qe2 Kg7 26. Rd1 Kf6 27. Kf1 Nc6 28. Ng1 a5 29. a4 Bd7 30. Ra3 Na7 31. Re1 Qe7 32. Nxb3 Nc6 33. Qd1 Nb4 34. Na1 Qe8 35. b3 Rh8 36. Nc2 Ne7 37. Nxb4 axb4 38. Ra2 Ba5 1/2-1/2

[Event "FRA-ch rap (Women)"]
[Site "Chaumont"]
[Date "2004.06.20"]
[Round "6"]
[White "Brunstein, Sandrine"]
[Black "Bodenez, Claire"]
[Result "1-0"]
[WhiteElo "2060"]
[BlackElo "2040"]
[PlyCount "49"]
[EventDate "2004.06.19"]
[EventType "swiss (rapid)"]
[EventRounds "9"]
[EventCountry "FRA"]
[SourceTitle "EXT 2005"]
[Source "ChessBase"]
[SourceDate "2004.11.15"]
[SourceVersion "1"]
[SourceVersionDate "2004.11.15"]
[SourceQuality "1"]

1. e4 e5 2. Nf3 Nc6 3. Bb5 a6 4. Bxc6 dxc6 5. 0-0 Bd6 6. d4 Bg4 7. dxe5 Bxf3 8. Qxf3 Bxe5 9. c3 Qe7 10. Nd2 0-0-0 11. Nc4 f6 12. Be3 Kb8 13. Rad1 Bd6 14. Rd2 h5 15. Rfd1 g5 16. Bc5 Nh6 17. Nxd6 cxd6 18. Bxd6+ Rxd6 19. Rxd6 Rf8 20. Rd7 Qe6 21. Qg3+ Ka7 22. Qd6 Re8 23. Qxe6 Rxe6 24. f3 f5 25. R7d6 1-0

[Event "France-ch U18 Girls"]
[Site "Reims"]
[Date "2004.04.23"]
[Round "7"]
[White "Bodenez, Claire"]
[Black "Marchadour, Emilie"]
[Result "1/2-1/2"]
[WhiteElo "2025"]
[BlackElo "2019"]
[PlyCount "100"]
[EventDate "2004.04.??"]
[EventType "swiss"]
[EventRounds "9"]
[EventCountry "FRA"]
[SourceTitle "EXT 2005"]
[Source "ChessBase"]
[SourceDate "2004.11.15"]
[SourceVersion "1"]
[SourceVersionDate "2004.11.15"]
[SourceQuality "1"]

1. e4 c5 2. Nf3 e6 3. d4 cxd4 4. Nxd4 Nc6 5. Nc3 Qc7 6. Be3 a6 7. Qd2 Nf6 8. 0-0-0 Bb4 9. f3 d5 10. a3 Ba5 11. Nb3 dxe4 12. Nxa5 Qxa5 13. Qd6 Qe5 14. Bf4 Qxd6 15. Bxd6 exf3 16. gxf3 Bd7 17. Na4 b5 18. Nb6 Ra7 19. Bg2 Ne7 20. f4 Nfd5 21. Nxd5 exd5 22. Rhe1 Be6 23. Bxd5 Nxd5 24. Rxd5 Kd7 25. Rd3 Kc6 26. Re5 Rd7 27. Rc5+ Kb7 28. Be5 Rxd3 29. cxd3 Rc8 30. Rxc8 Bxc8 31. Bxg7 Kc6 32. Kd2 Kd5 33. Kc3 a5 34. Kd2 Bf5 35. Ke3 h5 36. d4 Bg4 37. Bf6 Bf5 38. Kf3 Bd7 39. Kg3 Bc8 40. Kh4 Bg4 41. Kg5 Bd1 42. Bh8 Ke6 43. Be5 Be2 44. f5+ Kd5 45. Kh6 Bg4 46. h4 Ke4 47. Kg5 Kd5 48. Kf6 Bh3 49. b3 a4 50. bxa4 bxa4 1/2-1/2

[Event "FRA-ch U18 Girls"]
[Site "Le Grand Bornand"]
[Date "2003.??.??"]
[Round "1.9"]
[White "Bodenez, Claire"]
[Black "Jary, Coralie"]
[Result "1-0"]
[WhiteElo "1947"]
[BlackElo "1580"]
[PlyCount "127"]
[EventDate "2003.??.??"]
[EventType "swiss"]
[EventRounds "9"]
[EventCountry "FRA"]
[SourceTitle "EXT 2004"]
[Source "ChessBase"]
[SourceDate "2003.11.25"]
[SourceVersion "1"]
[SourceVersionDate "2003.11.25"]
[SourceQuality "1"]

1. e4 e5 2. Nf3 Nc6 3. Bc4 Nf6 4. d3 Be7 5. c3 d6 6. Be3 Be6 7. Nbd2 0-0 8. 0-0 a6 9. Bb3 Qd7 10. d4 exd4 11. cxd4 d5 12. e5 Ne4 13. Nxe4 dxe4 14. Bxe6 Qxe6 15. d5 Qf5 16. Nd4 Nxd4 17. Bxd4 Rad8 18. Qb3 c5 19. Bc3 b5 20. d6 Bg5 21. a3 Bf4 22. Qd5 Rfe8 23. Qxc5 Bxe5 24. Bxe5 Qxe5 25. Qxe5 Rxe5 26. Rfd1 f5 27. Rac1 Re6 28. Rc6 a5 29. Kf1 g5 30. Rc5 Rdxd6 31. Rxd6 Rxd6 32. Rxf5 h6 33. Ke2 Rb6 34. Ke3 a4 35. Re5 b4 36. axb4 Rxb4 37. Ra5 Rxb2 38. Rxa4 Rb3+ 39. Kxe4 Rb2 40. Kf3 Rb3+ 41. Kg4 Rb2 42. Kg3 Kg7 43. Ra6 h5 44. f3 Rb4 45. Re6 g4 46. h3 gxf3 47. Kxf3 h4 48. Re4 Rb3+ 49. Re3 Rb6 50. Re5 Kg6 51. Kf4 Kh6 52. Rd5 Rb4+ 53. Ke3 Rb2 54. Rd2 Rb3+ 55. Rd3 Rb2 56. Kf3 Rb5 57. Re3 Kg5 58. Rd3 Rf5+ 59. Ke2 Rf6 60. Rd5+ Kf4 61. Rd4+ Kg3 62. Rg4+ Kh2 63. Ke3 Rb6 64. Kf4 1-0